Panchayati Raj in India / (Record no. 104430)

MARC details
000 -LEADER
fixed length control field 00529nam a22001817a 4500
005 - DATE AND TIME OF LATEST TRANSACTION
control field 20161110122841.0
010 ## - LCCN (DPL NO)
LC control number ENG-116409
020 ## - INTERNATIONAL STANDARD BOOK NUMBER
International Standard Book Number 9789350838099
Terms of availability 999.00
035 ## - SYSTEM CONTROL NUMBER
System control number EN-99941
037 ## - SOURCE OF ACQUISITION
Source of stock number/acquisition DBAD/PUB
082 ## - DEWEY DECIMAL CLASSIFICATION NUMBER
Classification number 921
100 ## - MAIN ENTRY--PERSONAL NAME
Personal name Aditya Prasad Singh
245 ## - TITLE STATEMENT
Title Panchayati Raj in India /
Statement of responsibility, etc by Aditya Prasad
260 ## - PUBLICATION, DISTRIBUTION, ETC. (IMPRINT)
Place of publication, distribution, etc New Delhi
Name of publisher, distributor, etc Dimond Books
Date of publication, distribution, etc 2013
270 ## - ADDRESS
Address x-30,Okhla Industrial Area,Phase-II
City New Delhi
Postal code 110020
300 ## - PHYSICAL DESCRIPTION
Extent 224p.:
Dimensions 22cm.(Hb)
Other physical details ill
942 ## - ADDED ENTRY ELEMENTS (KOHA)
Source of classification or shelving scheme Dewey Decimal Classification
Item type English Books
Classification part 921
Call number suffix ADI
Holdings
Withdrawn status Lost status Not for loan Collection code Home library Current library Date acquired Source of acquisition Cost, normal purchase price Full call number Barcode Copy number Cost, replacement price Koha item type
    Not For Loan Non-fiction D.B.Act.Division Bawana 03/11/2016 DBAD/PUB 999.00 921 ADI EN-99941 1 999.00 English Books

© Delhi Public Library
Hit Counter
free hit counter